00321nam a2200121Ia 4500008004100000082001400041100002400055245003200079600001200111630003200123700001200155730003200167090122s9999 xx 000 0 und d b1632a827 aPitarinbAcSorokim aReconstruction of Humanity  aPitarin aReconstruction of Humanity  aPitarin aReconstruction of Humanity